01488 2200313 4500001002100000005001500021035002000036008004100056100001800097245006300115250001200178300003700190504001500227020001800242041000800260082001100268084001700279260005100296500002600347520059300373650002700966650003700993990002401030990002401054990002401078990002401102990002401126990002401150INLIS00000000000364220221111095904 a0010-0520003642221111 | | eng 0 aTarr, G. Alan1 aJudicial Process And Judicial Policymaking /cG. Alan Tarr a4th ed. axvi, 392 p. :b: illus. ;c23 cm ap. 371 - 3 a9780534602437 aeng a347.05 a347.05 TAR j aBelmont, CA :bThomson Higher Education,c2006 aIndeks : p. 383 - 392 aForm your own evaluations of the organization, function, and impact of the courts on and within government with the brief, affordable Judicial process and judicial policymaking. The textbook focuses on policy in its discussion of the judicial process, based on four premises: 1) that courts in the U.S. have always played an important role in governing and that their role has increased in recent decades; 2) that judicial policymaking is a distinctive activity; 3) that courts make policy in a variety of ways; and 4) that courts may be the objects of public policy, as well as creators. 4aCourts - United States 4aJudicial process - United States a13018/MKRI-P/X-2009 a13019/MKRI-P/X-2009 a13019/MKRI-P/X-2009 a13018/MKRI-P/X-2009 a13018/MKRI-P/X-2009 a13019/MKRI-P/X-2009